02314nam a2200253 a 450000100100000000500170001000800410002702000150006804000250008308200210010810000390012924500940016826000360026230000210029849000720031950000330039150513300042465000670175465000420182165000510186370000320191473000430194683000710198900001272420240305140451.0091116s2001 dr gr 001 0 spa d a9993483508 aDO-SdBNPbspacBNPHU a365.97293bR175p1 aRamos Jeréz, Leoncio,d1894-197110aYo pasé un día en Sing-Sing y otros escritos /cLeoncio Ramos ; editor Wilfredo Mora. aSanto Domingo :bBúho,c2001. a157 p. ;c22 cm.1 aPensamiento criminológico dominicanov1aCuadernos de la cárcel aIncluye semblanza del autor.0 gSemblanza de Leoncio Ramos /rWellington Ramos Messina --tYo pasé un día en Sing-Sing:tEstampas del pasado --t"Siño Pepe jata luego" --t"Universidad no"; "Agencia de exámenes" --tEl uso del cepo es un delito --tDe bárbaros a civilizados en un día --tQuien siembre dolor e injusticia eso cosechará --tUn apóstol y un monumento --tSilencio a fuerza de látigo --tTuberculosis, locura y suicidio fue la cosecha --tHechos humanos humanamente tratados --t¡Delincuentes por apasionados! --t¿Esclavos de la carne o de la sociedad? --t¡Los muertos mandan! --tSomos tres en uno --tPor algo los marcó la naturaleza --tCambio de legislación pero no de concepto --tNiños con sus madres en la cárcel --tSiempre tras el futuro prohibido --tLos idealistas y los hombres de acción --t¿Un mal necesario la prostitución? --t¿Prostitutas o víctimas? --tJusticia al estilo de Salomón --t¿Un poder del Estado el Judicial? --tConcepto de la justicia y de su dignidad --tLa política en la justicia --gOtros escritos:tPrograma de estudio para la preparación del personal de prisiones:tFormación de funcionarios de dirección --tCurso inicial para guardias de custodios y otros trabajadores de servicios generales --tExposición de motivos acerca del programa de estudios. 4aPrisionesxRepública dominicanaxEnsayos, conferencias, etc. 4aAbogadosxEnsayos, conferencias, etc. 4aDiarios dominicanosxSecciones, columnas, etc.1 aMora, Wilfredo,d1965-eed.0 aLa Oplinión (República Dominicana) 0aPensamiento criminológico dominicanov1pCuaderno de la cárcel